000 00787nam a2200229 a 4500
008 100113s1994 ||||||||||||||||| || u
020 _a0720121485
050 _aKD 21 Hum
100 _aEwing, K. D
245 1 0 _aHuman rights and labour law: essays of Paul O'Higgins
_cedited by K. D. Ewing; C. A. Gearty; B. A. Hepple
260 _aLondon
_bMansell
_c1994
300 _axii, 367p.
350 _a0.00
650 0 _aHUMAN RIGHTS
650 _aO'HIGGNS, PAUL
650 _aLAW
650 _aFreedom of association
650 _aLABOUR LAW AND LEGISLATION
700 _aGeary, C. A
700 _aHepple, B. A
995 _D0.00
_FCBU-MAIN LIBRARY (Kitwe)
_H1
_I0.00
_M1
_UAVAILABLE
_WJan 13, 2010
_ZAnnex Low-Usage Collection
999 _c45972
_d45972